<?xml version="1.0" encoding="UTF-8"?>
<record
    xmlns:xsi="http://www.w3.org/2001/XMLSchema-instance"
    xsi:schemaLocation="http://www.loc.gov/MARC21/slim http://www.loc.gov/standards/marcxml/schema/MARC21slim.xsd"
    xmlns="http://www.loc.gov/MARC21/slim">

  <leader>00840nam a2200253 a 4500</leader>
  <controlfield tag="001">CL000107191</controlfield>
  <controlfield tag="005">20240524065606.0</controlfield>
  <controlfield tag="008">160706s2016    vm                  vie d</controlfield>
  <datafield tag="020" ind1=" " ind2=" ">
    <subfield code="a">9786045846148</subfield>
  </datafield>
  <datafield tag="040" ind1=" " ind2=" ">
    <subfield code="a">DLC</subfield>
    <subfield code="e">AACR2</subfield>
  </datafield>
  <datafield tag="041" ind1="1" ind2=" ">
    <subfield code="a">vie</subfield>
  </datafield>
  <datafield tag="082" ind1="0" ind2="4">
    <subfield code="a">158.1</subfield>
    <subfield code="b">T761B</subfield>
  </datafield>
  <datafield tag="100" ind1="1" ind2=" ">
    <subfield code="a">Tracy, Brian.</subfield>
  </datafield>
  <datafield tag="245" ind1="1" ind2="0">
    <subfield code="a">Chinh ph&#x1EE5;c m&#x1EE5;c ti&#xEA;u Goals</subfield>
    <subfield code="b">: How to get everything you want faster than you ever thought possible</subfield>
    <subfield code="c">/ Brian Tracy; Nguy&#x1EC5;n Trung An d&#x1ECB;ch. </subfield>
  </datafield>
  <datafield tag="246" ind1="1" ind2="1">
    <subfield code="a">How to get everything you want faster than you ever thought possible</subfield>
  </datafield>
  <datafield tag="260" ind1=" " ind2=" ">
    <subfield code="a">Tp. H&#x1ED3; Ch&#xED; Minh</subfield>
    <subfield code="b">: T&#x1ED5;ng h&#x1EE3;p TP. H&#x1ED3; Ch&#xED; Minh</subfield>
    <subfield code="c">, 2016</subfield>
  </datafield>
  <datafield tag="300" ind1=" " ind2=" ">
    <subfield code="a">325 tr.</subfield>
    <subfield code="c">21cm</subfield>
  </datafield>
  <datafield tag="653" ind1=" " ind2="0">
    <subfield code="a"> Goal (Psychology)</subfield>
  </datafield>
  <datafield tag="653" ind1=" " ind2="0">
    <subfield code="a">Success</subfield>
  </datafield>
  <datafield tag="653" ind1=" " ind2="4">
    <subfield code="a">Goal (T&#xE2;m l&#xFD; h&#x1ECD;c) </subfield>
  </datafield>
  <datafield tag="653" ind1=" " ind2="4">
    <subfield code="a">Th&#xE0;nh c&#xF4;ng</subfield>
  </datafield>
  <datafield tag="700" ind1="1" ind2=" ">
    <subfield code="a">Nguy&#x1EC5;n, Trung An</subfield>
    <subfield code="e">: D&#x1ECB;ch</subfield>
  </datafield>
  <datafield tag="942" ind1=" " ind2=" ">
    <subfield code="2">ddc</subfield>
    <subfield code="c">BK</subfield>
  </datafield>
  <datafield tag="952" ind1=" " ind2=" ">
    <subfield code="0">0</subfield>
    <subfield code="1">0</subfield>
    <subfield code="2">ddc</subfield>
    <subfield code="4">0</subfield>
    <subfield code="7">0</subfield>
    <subfield code="a">CPL</subfield>
    <subfield code="b">CPL</subfield>
    <subfield code="d">2024-05-09</subfield>
    <subfield code="l">0</subfield>
    <subfield code="o">158.1 T761B</subfield>
    <subfield code="p">DL00000002</subfield>
    <subfield code="r">2024-05-09 02:39:31</subfield>
    <subfield code="t">1</subfield>
    <subfield code="w">2024-05-09</subfield>
    <subfield code="y">BK</subfield>
  </datafield>
  <datafield tag="999" ind1=" " ind2=" ">
    <subfield code="c">3</subfield>
    <subfield code="d">3</subfield>
  </datafield>
</record>
